Statistiques concernant Les cinq dernières équipes victorieuses des grands tournois de football

Cliquez ici pour prendre le quiz!

Statistiques générales

  • Ce quiz a été pris 571 fois
  • Le résultat moyen est 29 sur 35

Statistiques - réponses

TournoiEquipe% Correct
Coupe du monde 1998France
98%
Euro 2000France
98%
Coupe du monde 2002Brésil
97%
Copa América 2004Brésil
97%
Copa América 2007Brésil
97%
Coupe du monde 2010Espagne
97%
Euro 2012Espagne
97%
Euro 2008Espagne
97%
Coupe du monde 2014Allemagne
96%
Coupe d'Océanie 2004Australie
94%
Coupe d'Asie 2015Australie
94%
Coupe du monde 2006Italie
94%
Coupe d'Asie 2000Japon
94%
Coupe d'Asie 2004Japon
94%
Coupe d'Asie 2011Japon
94%
Euro 2016Portugal
93%
Copa América 2016Chili
90%
Copa América 2015Chili
90%
Coupe d'Océanie 2002Nouvelle-Zélande
87%
Coupe d'Océanie 2008Nouvelle-Zélande
87%
Coupe d'Océanie 2016Nouvelle-Zélande
87%
Euro 2004Grèce
86%
Coupe d'Afrique des nations 2017Cameroun
82%
Coupe d'Afrique des nations 2010Egypte
81%
Coupe d'Afrique des nations 2015Côte d'Ivoire
79%
Gold Cup 2017Etats-Unis
78%
Gold Cup 2013Etats-Unis
78%
Gold Cup 2015Mexique
78%
Gold Cup 2009Mexique
78%
Gold Cup 2011Mexique
78%
Copa América 2011Uruguay
75%
Coupe d'Afrique des nations 2013Nigeria
61%
Coupe d'Afrique des nations 2012Zambie
49%
Coupe d'Asie 2007Irak
38%
Coupe d'Océanie 2012Tahiti
23%

Distribution des résultats

Percentile par nombre de réponses

% des personnes avec chaque résultat

Votre développement - résultats

Vous n’avez pas pris ce quiz